Historia universal siglo XXI

Shranjeno v:
Bibliografske podrobnosti
Format: Knjiga
Jezik:španščina
Izdano: Ciudad de México Siglo veintiuno 1984
Izdaja:14a. ed
Teme:
Oznake: Označite
Brez oznak, prvi označite!

MARC

LEADER 00000cam a2200000 a 4500
001 UCP5501
003 CL-VaPUC
008 990910e19840000MX |||||||||||||||||spa|d
082 0 4 |a 909  |b HIS  |2 21 
245 1 0 |a Historia universal siglo XXI 
250 |a 14a. ed 
300 |a v 
942 |c BK 
945 |d 19990910 00:00:00  |a lriquelm 
260 |a Ciudad de México  |b Siglo veintiuno  |c 1984 
500 |a v.1: Prehistoria 
500 |a v.2 t.1: Los imperios del antiguo Oriente. Del Paleolítico a la mitad del segundo milenio 
500 |a v.3 t.2: Los imperios del Antiguo Oriente. El fin del segundo milenio 
500 |a v.4 t.3: Los imperios del antiguo oriente. La primera mitad del primer milenio 
500 |a v.5: Griegos y persas. El mundo mediterráneo en la Edad Antigua I 
500 |a v.6: El helenismo y el auge de Roma. El mundo mediterráneo en la Edad Antigua II 
500 |a v.7: La formación del Imperio romano. El mundo mediterráneo en la Edad Antigua III 
500 |a v.8: El imperio romano y sus pueblos limítrofes. El mundo mediterráneo en la Edad Antigua IV 
500 |a v.9: Las transformaciones del mundo mediterráneo. Siglos III-VIII 
500 |a v.10: La Alta Edad Media 
500 |a v.11: La Baja Edad Media 
500 |a v.12: Los fundamentos del mundo moderno. Edad Media tardía, Renacimiento, Reforma 
500 |a v.13: Bizancio 
500 |a v.14 t.1: El Islam. Desde los orígenes hasta el comienzo del Imperio otomano 
500 |a v.15 t.2: El Islam. Desde la caída de Constantinopla hasta nuestros días 
500 |a v.16: Asia Central 
500 |a v.17: India. Historia del subcontinente desde las culturas del Indo hasta el comienzo del dominio inglés 
500 |a v.18: Asia Sudoriental. Antes de la época colonial 
500 |a v.19: El Imperio chino 
500 |a v.20: El Imperio japonés 
500 |a v.21 t.1: América Latina. Antiguas culturas precolombinas 
500 |a v.22 t.2: América Latina. La época colonial 
500 |a v.23 t.3: América Latina. De la independencia a la segunda guerra mundial 
500 |a v.24: Los inicios de la Europa moderna, 1550-1648 
500 |a v.25: La época del absolutismo y la ilustración, 1648-1779 
500 |a v.26: La época de las revoluciones europeas, 1780-1848 
500 |a v.27: La época de la burguesía 
500 |a v.28: La época del Imperialismo. Europa, 1885-1913 
500 |a v.29: Los imperios coloniales desde el siglo XVIII 
500 |a v.30: Los Estados Unidos de América 
500 |a v.31: Rusia 
500 |a v.32: Africa. Desde la prehistoria hasta los estados actuales 
500 |a v.33: Asia contemporánea 
500 |a v.34: El siglo veinte I. 1918-1945 
500 |a v.35 t.1-2: El siglo veinte. 1945-1982 
500 |a v.36: El siglo veinte, III. Problemas mundiales entre los dos bloquesde poder 
650 0 |a Historia antigua  |9 267521 
650 0 |a Edad media  |9 258041 
650 7 |a HISTORIA DE EUROPA SIGLOS 11-14  |2 CL-VaPUC  |9 433948 
650 0 |a Cristianismo  |9 257361 
650 0 |a Aspectos económicos  |9 255165 
650 0 |a Aspectos políticos   |9 257400 
650 0 |a Aspectos sociales  |9 254894 
651 0 |a Europa  |9 255156 
583 |a last modification  |c 20161124 06:20:50  |k Rodrigo Vera 
999 |c 283245  |d 283243 
952 |0 0  |1 0  |4 0  |6 909_000000000000000_HIS_1984  |7 0  |8 A  |9 326164  |a BIBHIS  |b BIBHIS  |d 2019-11-20  |h v.11  |i 1369768  |o 909 HIS 1984  |p 1369768  |r 2025-01-20  |w 2019-11-20  |y BK  |k HIS 
952 |0 0  |1 0  |3 erb  |4 0  |6 909_000000000000000_HIS_1984  |7 0  |8 A  |9 326165  |a BIBHIS  |b BIBHIS  |h v.9  |i 4803639  |o 909 HIS 1984  |p 4803639  |r 2025-01-20  |w 2019-11-20  |y BK  |z Catalogado en:20161124  |k HIS